Évènements marquants des années 1940 par images - Statistiques

Statistiques générales
  • Ce quiz a été pris 46 fois
  • Le résultat moyen est 13 sur 15
Statistiques - réponses
Par images Hint Réponse % Correct
18 juin 1940 Appel du {général} {de} {Gaulle}
100%
14 mai 1948 Création de l’État d’{Israël}
100%
21 avril 1944 Les femmes obtiennent le {droit} {de} {vote}
100%
25 juin 1947 Parution du Journal d'{Anne} {Frank}
100%
7 décembre 1941 Attaque de {Pearl} {Harbor}
98%
6 août 1945 Bombes atomiques sur {Hiroshima}
98%
6 avril 1943 Parution du livre {Le} {Petit} {Prince} d'Antoine de Saint-Exupéry
98%
20 novembre 1945 Début du procès de {Nuremberg}
90%
1er octobre 1949 Fondation de la République populaire de Chine par {Mao} {Zedong}
88%
11 décembre 1940 Sortie du film {Le} {Dictateur} de Charlie Chaplin
88%
4 février 1945 Conférence de {Yalta}
80%
24 octobre 1945 Création de l’{Organisation} {des} {Nations} {Unies}
80%
28 octobre 1949 Publication du livre "Le Deuxième Sexe" de {Simone} {de} {Beauvoir}
73%
12 avril 1945 Élection de {Harry} {S}. {Truman}, 33ème président des États-Unis
59%
4 avril 1949 Création de l'{Organisation} {du} {traité} {de} {l}'{Atlantique} {Nord}
46%
Aucun quiz correspondant
Distribution des résultats
% des personnes avec chaque résultat
Percentile par nombre de réponses
Votre historique - résultats
Vous n’avez pas pris ce quiz